Cestné stavby, a. s. Košice - analýza spoločnosti Vývoj obchodovania s akciami spoločnosti

Analýza spoločnosti Cestné stavby, a. s. Košice. Predmet činnosti. Obchodná a finančná situácia. Vývoj kurzu akcií. Celkový objem obchodov s akciami spoločnosti.

Salvato in:
Dettagli Bibliografici
Natura: Capitolo di libro
Lingua:slovacco
Soggetti:
Tags: Aggiungi Tag
Nessun Tag, puoi essere il primo ad aggiungerne!!

MARC

LEADER 00000naa a2200000 4500
001 r026262
005 20230426110505.0
041 0 |a slo 
044 |a SK 
245 1 0 |a Cestné stavby, a. s. Košice - analýza spoločnosti  |b Vývoj obchodovania s akciami spoločnosti 
520 |a Analýza spoločnosti Cestné stavby, a. s. Košice. Predmet činnosti. Obchodná a finančná situácia. Vývoj kurzu akcií. Celkový objem obchodov s akciami spoločnosti. 
610 2 0 |a analýza finančná 
610 2 0 |a podnik 
610 2 0 |a Cestné stavby, a.s. Košice 
610 2 0 |a Slovensko 
610 2 0 |a stavby inžinierske 
610 2 0 |a financie podnikové 
610 2 0 |a akcie 
610 2 0 |a 1994-1997